Handbook of Food and Nutrition / (Record no. 7065)
[ view plain ]
| 000 -LEADER | |
|---|---|
| fixed length control field | 00307cam a2200121ua 4500 |
| 082 ## - DEWEY DECIMAL CLASSIFICATION NUMBER | |
| Classification number | 664 |
| Item number | SWA/HA |
| 100 ## - MAIN ENTRY--AUTHOR NAME | |
| Personal name | Swaminathan, M . |
| 245 ## - TITLE STATEMENT | |
| Title | Handbook of Food and Nutrition / |
| 250 ## - EDITION STATEMENT | |
| Edition statement | 5 / |
| 260 ## - PUBLICATION, DISTRIBUTION, ETC. (IMPRINT) | |
| Place of publication | Bangalore : |
| Name of publisher | Bangalore printing&publishing Ltd , |
| Year of publication | 2010 |
| 300 ## - PHYSICAL DESCRIPTION | |
| Number of Pages | 372 ; . |
| 942 ## - ADDED ENTRY ELEMENTS (KOHA) | |
| Koha item type | Books |
| Withdrawn status | Lost status | Damaged status | Home library | Current library | Date acquired | Full call number | Accession Number | Koha item type | Collection code | Shelving location | Source of acquisition | Cost, normal purchase price |
|---|---|---|---|---|---|---|---|---|---|---|---|---|
| KAUAET | KAUAET | 07/04/2012 | 028.71641 | 19519 | Books | |||||||
| KAUAET | KAUAET | 24/06/2016 | 664 SWA/HA | 24647 | Books | General Stacks | Aman Book Stall Calicut | 315.00 | ||||
| KAUAET | KAUAET | 25/08/2016 | 664 SWA/HA | BB 278 | Book Bank scheme for SC students | Scheme | Calicut Book Daistributors, Calicut. | 360.00 |
